| 000 | 00748nam a22002177a 4500 | ||
|---|---|---|---|
| 999 |
_c189497 _d189497 |
||
| 005 | 20220906130542.0 | ||
| 010 | _aB-745486 | ||
| 020 |
_a9789390866540 _c125.00 |
||
| 035 | _aB-745486 | ||
| 037 | _bSahitya Akademi | ||
| 100 | _aPrapanjan | ||
| 245 |
_aTHREE PLAYS BY PRAPANJAN/ _cPrapanjan ; translated by P. Raja |
||
| 250 | _a1st | ||
| 260 |
_aNew Delhi _bSahitya Akademi _c2021 |
||
| 270 |
_aRabindra Bhavan, 35, Ferozeshah Road _bNew Delhi _e110001 _k01123386626/27/28 _mSecretary@sahitya-akademi.gov.in |
||
| 300 |
_ax,69p. _c21cm(Pbk) |
||
| 490 |
_aModern Indian Drama Series _v04 |
||
| 700 | _aRaja, P. | ||
| 942 |
_2ddc _cEN _mPRA _h822.3 |
||